000 00806nam a2200241 a 4500
001 28738
003 CO-ViMGA
005 20250812215811.0
008 141112s2004 ck r 000 u spa d
020 _a9580460272
040 _aCO-ViMGA
_bspa
_cCO-ViMGA
082 0 4 _aREIf
100 1 _aReiche, Dietlof
_928327
245 1 0 _aFredy, el hámster
_cDietlof Reiche; traducción, Lucía Borrero; ilustraciones, Daniel López
264 _aBogotá, Colombia
_bGrupo Editorial Norma
_c2001
300 _a216 páginas
_bilustraciones en blanco y negro
_c19cm
490 _aTorre de papel azul
590 _aForma de adquisición : Premio Mincultura
650 1 4 _aCuentos infantiles alemanes
_2LEMB
650 1 4 _aCuentos alemanes
650 1 4 _aHámster
_2LEMB
_vCuentos infantiles
_962082
942 _2ddc
_cBKINF
999 _c28738
_d28738